[Event "95th DEN-ch"]
[Site "Svendborg DEN"]
[Date "2016.03.19"]
[Round "1"]
[White "Andersen, Mads"]
[Black "Ochsner, Bjoern Moeller"]
[Result "1/2-1/2"]
[WhiteElo "2479"]
[BlackElo "2398"]
[EventDate "2016.03.19"]
[PlyCount "50"]

1.Nf3 Nf6 2.c4 g6 3.Nc3 Bg7 4.e4 d6 5.d4 O-O 6.Be2 e5 7.Be3 exd4 8.Nxd4 
Re8 9.f3 c6 10.O-O d5 11.cxd5 cxd5 12.Qb3 Nc6 13.Rad1 Qa5 14.exd5 Rxe3 15.
dxc6 bxc6 16.Nxc6 Qc7 17.Rd8+ Bf8 18.Ne4 Rxe4 19.fxe4 Qxc6 20.Qb5 Qxb5 21.
Bxb5 Kg7 22.e5 Ng4 23.Rc1 Bb7 24.Rxa8 Bxa8 25.e6 Bd5 1/2-1/2

[Event "95th DEN-ch"]
[Site "Svendborg DEN"]
[Date "2016.03.19"]
[Round "1"]
[White "Antonsen, Mikkel"]
[Black "Glud, Jakob Vang"]
[Result "1/2-1/2"]
[WhiteElo "2458"]
[BlackElo "2535"]
[EventDate "2016.03.19"]
[PlyCount "65"]

1.d4 Nf6 2.c4 e6 3.Nf3 b6 4.g3 Bb7 5.Bg2 Be7 6.O-O O-O 7.Re1 Qc8 8.Bg5 h6 
9.Bxf6 Bxf6 10.Nc3 d6 11.Qd3 Nd7 12.Rad1 a6 13.e4 Be7 14.a4 a5 15.h4 Qd8 
16.Qe3 c6 17.Bh3 Re8 18.d5 cxd5 19.cxd5 exd5 20.Nxd5 Nc5 21.Qd4 Bf8 22.Nd2
Bc6 23.b3 b5 24.axb5 Bxb5 25.Bf1 Bc6 26.Bc4 Rb8 27.Re3 Nd7 28.Nf3 a4 29.
bxa4 Bxa4 30.Nf4 Nb6 31.Bb3 Bxb3 32.Rxb3 Nd7 33.Rxb8 1/2-1/2

[Event "95th DEN-ch"]
[Site "Svendborg DEN"]
[Date "2016.03.19"]
[Round "1"]
[White "Bekker-Jensen, Simon"]
[Black "Hansen, Curt"]
[Result "1/2-1/2"]
[WhiteElo "2451"]
[BlackElo "2600"]
[EventDate "2016.03.19"]
[PlyCount "133"]

1.d4 Nf6 2.c4 e6 3.Nc3 Bb4 4.Nf3 b6 5.g3 Bb7 6.Bg2 O-O 7.O-O Bxc3 8.bxc3 
d6 9.Re1 Nbd7 10.a4 a5 11.Nh4 Bxg2 12.Kxg2 c5 13.e4 Qc7 14.Ba3 g6 15.Qd3 
Rac8 16.d5 Nh5 17.f4 Rce8 18.Rad1 Qd8 19.dxe6 Rxe6 20.Nf3 Qa8 21.Ng5 Ree8 
22.Qd5 Qxd5 23.cxd5 Re7 24.Re2 Rfe8 25.Rde1 h6 26.Nh3 f5 27.c4 Nhf6 28.Nf2
Nxe4 29.Bb2 Kf7 30.Nxe4 Rxe4 31.Rxe4 Rxe4 32.Rxe4 fxe4 33.Kf2 b5 34.cxb5 
Nb6 35.Bc3 Nc4 36.g4 Ke7 37.Kg3 Kd7 38.h4 Nb6 39.Bxa5 Nxd5 40.Bd2 c4 41.f5
gxf5 42.gxf5 h5 43.a5 c3 44.Bc1 c2 45.a6 Kc7 46.Kf2 Kb6 47.Ke2 Nc3+ 48.Kd2
Nxb5 49.f6 Nd4 50.f7 Ne6 51.Ba3 d5 52.Kxc2 Kxa6 53.Kd2 d4 54.Bc5 d3 55.Ke3
Kb5 56.f8=Q Nxf8 57.Bxf8 Kc4 58.Bg7 Kb3 59.Kd2 Kc4 60.Bh6 Kd5 61.Ke1 Ke5 
62.Kf2 Kf5 63.Kg3 Ke5 64.Be3 Kf5 65.Bf4 Ke6 66.Kf2 Kf5 67.Kg3 1/2-1/2

[Event "95th DEN-ch"]
[Site "Svendborg DEN"]
[Date "2016.03.19"]
[Round "1"]
[White "Mikkelsen, Nikolaj"]
[Black "Hansen, Sune Berg"]
[Result "1/2-1/2"]
[WhiteElo "2473"]
[BlackElo "2578"]
[EventDate "2016.03.19"]
[PlyCount "56"]

1.e4 e6 2.d4 d5 3.Nd2 dxe4 4.Nxe4 Nd7 5.Nf3 Ngf6 6.Nxf6+ Nxf6 7.Be3 Bd6 8.
Bc4 a6 9.a4 b6 10.O-O Bb7 11.Re1 O-O 12.Ne5 c5 13.Bg5 h6 14.Bh4 cxd4 15.
Qxd4 Bc5 16.Qd3 Qxd3 17.Bxd3 Rfd8 18.Be2 Rac8 19.c3 g5 20.Bg3 Kg7 21.Nd3 
Bd6 22.Bxd6 Rxd6 23.a5 b5 24.Red1 Bd5 25.Nb4 Rcd8 26.Kf1 Kf8 27.Nxd5 Nxd5 
28.Ke1 Ke7 1/2-1/2

[Event "95th DEN-ch"]
[Site "Svendborg DEN"]
[Date "2016.03.19"]
[Round "1"]
[White "Schandorff, Lars"]
[Black "Bromann, Thorbjoern"]
[Result "1/2-1/2"]
[WhiteElo "2501"]
[BlackElo "2452"]
[EventDate "2016.03.19"]
[PlyCount "59"]

1.Nf3 Nf6 2.g3 b5 3.Bg2 Bb7 4.O-O e6 5.d4 c5 6.c3 Be7 7.Bg5 d6 8.dxc5 dxc5
9.Qxd8+ Bxd8 10.a4 b4 11.cxb4 cxb4 12.Ne5 Bxg2 13.Kxg2 h6 14.Bxf6 Bxf6 15.
Nd3 Nd7 16.Nd2 Ne5 17.Nxe5 Bxe5 18.Nc4 Bf6 19.e4 g5 20.e5 Bg7 21.Rad1 Ke7 
22.Rd4 Rhd8 23.Rfd1 Rxd4 24.Rxd4 b3 25.f4 gxf4 26.gxf4 Rc8 27.Kf3 f6 28.
Ke2 fxe5 29.fxe5 Rc5 30.Re4 1/2-1/2

[Event "95th DEN-ch"]
[Site "Svendborg DEN"]
[Date "2016.03.20"]
[Round "2"]
[White "Antonsen, Mikkel"]
[Black "Mikkelsen, Nikolaj"]
[Result "1-0"]
[WhiteElo "2458"]
[BlackElo "2473"]
[EventDate "2016.03.19"]
[PlyCount "173"]

1.d4 Nf6 2.c4 g6 3.f3 Bg7 4.e4 d6 5.Ne2 O-O 6.Be3 c5 7.d5 e6 8.Nec3 Re8 9.
Be2 exd5 10.cxd5 a6 11.a4 h5 12.O-O Nh7 13.Na3 Nd7 14.Qd2 f5 15.Kh1 Ne5 
16.Rae1 b6 17.h3 Ra7 18.Bd1 Nf7 19.Bc2 Rae7 20.exf5 gxf5 21.Bf2 Rxe1 22.
Rxe1 Bh6 23.Qd1 Nf8 24.Rxe8 Qxe8 25.Qb1 f4 26.Ne4 Bg7 27.b4 Bf5 28.bxc5 
bxc5 29.Nxd6 Nxd6 30.Bxf5 Nxf5 31.Qxf5 Qxa4 32.Bxc5 Nd7 33.Bd6 Nf6 34.Kh2 
Qd4 35.Qe6+ Kh7 36.Qf5+ Kg8 37.Nc2 Qxd5 38.Qc8+ Kh7 39.Qxa6 h4 40.Be7 Qg5 
41.Qd3+ Kh8 42.Kh1 Qe5 43.Bd6 Qg5 44.Bc7 Nd5 45.Ba5 Ne3 46.Nxe3 fxe3 47.
Be1 Be5 48.Qe4 Bg3 49.Bc3+ Kg8 50.Qe8+ Kh7 51.Qf7+ Kh6 52.Bf6 Qg6 53.Qf8+ 
Kh5 54.Qc5+ Kh6 55.Qxe3+ Kh7 56.Qe7+ Kg8 57.Qe6+ Kh7 58.Qe4 Bf2 59.Qxg6+ 
Kxg6 60.Be5 Kf5 61.Bh2 Kg5 62.Bg1 Be1 63.Be3+ Kf5 64.Kg1 Bc3 65.Kf1 Bf6 
66.Ke2 Bg7 67.Kd3 Bf6 68.Kc4 Ke6 69.Bd2 Be5 70.Bg5 Bg3 71.Kd4 Kf5 72.Bd2 
Bf2+ 73.Kd5 Bg3 74.Be3 Be5 75.Bf2 Bf6 76.Kd6 Bg5 77.Kd7 Bf6 78.Be3 Bc3 79.
Ke7 Bb2 80.Kf7 Bc3 81.Bf2 Bf6 82.Be1 Bd8 83.Bf2 Bf6 84.Bc5 Be5 85.Be7 Bg3 
86.Kg7 Kf4 87.Kg6 1-0

[Event "95th DEN-ch"]
[Site "Svendborg DEN"]
[Date "2016.03.20"]
[Round "2"]
[White "Glud, Jakob Vang"]
[Black "Bromann, Thorbjoern"]
[Result "1-0"]
[WhiteElo "2535"]
[BlackElo "2452"]
[EventDate "2016.03.19"]
[PlyCount "105"]

1.c4 b6 2.g3 Bb7 3.Nf3 Bxf3 4.exf3 c5 5.d4 cxd4 6.Qxd4 Nc6 7.Qd1 e6 8.Be2 
Bb4+ 9.Kf1 Nge7 10.a3 Bc5 11.Nc3 O-O 12.Kg2 a6 13.Bf4 Bd4 14.Qd3 d5 15.
cxd5 Nxd5 16.Nxd5 Qxd5 17.Rac1 e5 18.Bd2 Rfd8 19.Rc2 b5 20.Rhc1 Ne7 21.Ba5
Rd7 22.Qe4 g6 23.Rc7 Ra7 24.R7c2 Kg7 25.Bb4 Qb3 26.Bd1 Qe6 27.h4 h5 28.Ba5
Nf5 29.Re2 Nd6 30.Qc6 Nc4 31.Qxe6 fxe6 32.b4 Bb2 33.Rxb2 Nxb2 34.Bb3 Nd3 
35.Rc8 Ne1+ 36.Kf1 Nxf3 37.Bxe6 Rd6 38.Re8 Kf6 39.Ba2 Rd1+ 40.Kg2 Ne1+ 41.
Kh3 Rad7 42.Bb6 R1d2 43.Bg8 Nc2 44.Bc5 Nd4 45.Ra8 e4 46.Rxa6+ Kg7 47.Be6 
Rd8 48.Ra7+ Kh6 49.Bd5 g5 50.Bxe4 g4+ 51.Kg2 Rh8 52.Bf8+ Rxf8 53.Rh7# 1-0

[Event "95th DEN-ch"]
[Site "Svendborg DEN"]
[Date "2016.03.20"]
[Round "2"]
[White "Hansen, Curt"]
[Black "Schandorff, Lars"]
[Result "1/2-1/2"]
[WhiteElo "2600"]
[BlackElo "2501"]
[EventDate "2016.03.19"]
[PlyCount "35"]

1.d4 d5 2.c4 c6 3.Nf3 Nf6 4.e3 Bg4 5.h3 Bh5 6.Nc3 e6 7.g4 Bg6 8.Ne5 Nbd7 
9.Nxg6 hxg6 10.a3 g5 11.Qf3 Be7 12.Bd2 dxc4 13.Bxc4 Nd5 14.O-O Bd6 15.Ne4 
Bc7 16.Rfd1 Qe7 17.b4 g6 18.Nc5 1/2-1/2

[Event "95th DEN-ch"]
[Site "Svendborg DEN"]
[Date "2016.03.20"]
[Round "2"]
[White "Hansen, Sune Berg"]
[Black "Andersen, Mads"]
[Result "1-0"]
[WhiteElo "2578"]
[BlackElo "2479"]
[EventDate "2016.03.19"]
[PlyCount "115"]

1.Nf3 Nf6 2.g3 g6 3.b3 Bg7 4.Bb2 d6 5.d4 c5 6.Bg2 Ne4 7.O-O Nc6 8.c4 Bg4 
9.Nbd2 Nxd2 10.Qxd2 Bxf3 11.Bxf3 cxd4 12.Bxc6+ bxc6 13.Bxd4 Bxd4 14.Qxd4 
O-O 15.Rfd1 Qb6 16.Qe4 Rfe8 17.Rd3 a5 18.Rad1 a4 19.Rf3 Qc5 20.h4 h5 21.
Qf4 Rf8 22.Kg2 Qa3 23.Qd2 Rfb8 24.Qf4 Rf8 25.Qd2 Rfb8 26.Qe3 Re8 27.Rd4 
Qxa2 28.bxa4 Qxa4 29.Rdf4 Qa7 30.Qe4 Rf8 31.Qxc6 Qc5 32.Qe4 Qe5 33.Qd3 Ra7
34.Re4 Qc5 35.g4 Rfa8 36.gxh5 Qxh5 37.Ref4 Ra3 38.Qe4 d5 39.Qxe7 Rxf3 40.
Qxf7+ Kh8 41.exf3 dxc4 42.Qf6+ Kh7 43.Qe7+ Kh8 44.Rf7 Qh6 45.Qf6+ Kg8 46.
Rd7 Rf8 47.Qe6+ Kh8 48.Qe5+ Kg8 49.Qd5+ Kh8 50.Qd4+ Kg8 51.Qxc4+ Kh8 52.
Qd4+ Kg8 53.Qd5+ Kh8 54.Qe5+ Kg8 55.Kg3 Rc8 56.Qe6+ Kh8 57.Rf7 Rd8 58.f4 
1-0

[Event "95th DEN-ch"]
[Site "Svendborg DEN"]
[Date "2016.03.20"]
[Round "2"]
[White "Ochsner, Bjoern Moeller"]
[Black "Bekker-Jensen, Simon"]
[Result "0-1"]
[WhiteElo "2398"]
[BlackElo "2451"]
[EventDate "2016.03.19"]
[PlyCount "52"]

1.e4 c5 2.Nf3 d6 3.d4 cxd4 4.Nxd4 Nf6 5.Nc3 a6 6.Be3 e5 7.Nb3 Be6 8.h3 Be7
9.f4 exf4 10.Bxf4 Nc6 11.Qe2 Nd7 12.O-O-O Nce5 13.Kb1 O-O 14.Nd4 Re8 15.g4
Rc8 16.Qe3 Qa5 17.a3 Bf8 18.g5 b5 19.Nd5 Bxd5 20.exd5 Nb6 21.Nb3 Qa4 22.
Qf2 Nbc4 23.h4 Ng4 24.Qg3 Nge3 25.Bxe3 Rxe3 26.Qf2 Nxa3+ 0-1

[Event "95th DEN-ch"]
[Site "Svendborg DEN"]
[Date "2016.03.21"]
[Round "3"]
[White "Andersen, Mads"]
[Black "Antonsen, Mikkel"]
[Result "1-0"]
[WhiteElo "2479"]
[BlackElo "2458"]
[EventDate "2016.03.19"]
[PlyCount "95"]

1.d4 Nf6 2.c4 g6 3.Nc3 d5 4.cxd5 Nxd5 5.e4 Nxc3 6.bxc3 Bg7 7.Nf3 c5 8.Be3 
O-O 9.Rc1 Qa5 10.Qd2 Rd8 11.d5 e6 12.Bg5 f6 13.Be3 Nc6 14.Bd3 b6 15.O-O 
Ba6 16.Be2 Qa4 17.c4 Na5 18.Qd1 Qxd1 19.Rfxd1 Nb7 20.Bd3 e5 21.Nd2 Nd6 22.
a4 Bc8 23.a5 Bd7 24.Ra1 Bf8 25.Rdb1 Rab8 26.axb6 axb6 27.Ra6 Nc8 28.f4 Bd6
29.fxe5 Bxe5 30.Nf3 Bd6 31.h3 Rf8 32.Bh6 Rf7 33.g4 g5 34.e5 Bxe5 35.Nxe5 
fxe5 36.Bxg5 Rf3 37.Bf1 h5 38.Bg2 Rf7 39.Bd8 hxg4 40.Bc7 gxh3 41.Bxb8 hxg2
42.Kxg2 e4 43.Ra3 Rg7+ 44.Rg3 Bg4 45.Kf2 Kf8 46.Ke3 Bf5 47.Rxg7 Kxg7 48.
Bc7 1-0

[Event "95th DEN-ch"]
[Site "Svendborg DEN"]
[Date "2016.03.21"]
[Round "3"]
[White "Bekker-Jensen, Simon"]
[Black "Hansen, Sune Berg"]
[Result "1/2-1/2"]
[WhiteElo "2451"]
[BlackElo "2578"]
[EventDate "2016.03.19"]
[PlyCount "91"]

1.c4 Nf6 2.g3 e6 3.Bg2 d5 4.Nf3 Be7 5.O-O O-O 6.b3 c5 7.Bb2 Nc6 8.e3 b6 9.
Nc3 Ba6 10.Qe2 Rc8 11.Rac1 Qd7 12.d4 Rfd8 13.Ne5 Qb7 14.Nb5 Qb8 15.Rfd1 
cxd4 16.exd4 Bb7 17.Re1 Nxe5 18.dxe5 Ne8 19.cxd5 Bxd5 20.Rxc8 Qxc8 21.Nxa7
Qa8 22.Bxd5 Rxd5 23.Nb5 Bb4 24.Nc3 Rc5 25.Rc1 Nc7 26.Ne4 Rxc1+ 27.Bxc1 h6 
28.Nf6+ gxf6 29.Qg4+ Kh7 30.Qxb4 Qd5 31.Qf4 Qxe5 32.Qxh6+ Kg8 33.Ba3 Qe1+ 
34.Kg2 Qe4+ 35.Kh3 Qf5+ 36.Kh4 Qe4+ 37.Kh3 Qf5+ 38.Kh4 Qe4+ 39.f4 Qa8 40.
Bb2 Ne8 41.Bxf6 Nxf6 42.Qg5+ Kf8 43.Qxf6 Qxa2 44.Qd8+ Kg7 45.Qd4+ Kg8 46.
Qd8+ 1/2-1/2

[Event "95th DEN-ch"]
[Site "Svendborg DEN"]
[Date "2016.03.21"]
[Round "3"]
[White "Bromann, Thorbjoern"]
[Black "Hansen, Curt"]
[Result "1/2-1/2"]
[WhiteElo "2452"]
[BlackElo "2600"]
[EventDate "2016.03.19"]
[PlyCount "64"]

1.b3 d5 2.Nf3 Nf6 3.Bb2 g6 4.c4 c6 5.g3 Bg7 6.Bg2 O-O 7.O-O Bg4 8.d3 Nbd7 
9.Nbd2 a5 10.a3 Qb6 11.Qc2 e6 12.e3 Ne8 13.Bxg7 Nxg7 14.d4 Rfd8 15.Qc3 
Bxf3 16.Nxf3 Ne8 17.Nd2 Nef6 18.Rfb1 c5 19.dxc5 Qxc5 20.b4 axb4 21.axb4 
Qc7 22.Rc1 Qe5 23.Rxa8 Rxa8 24.cxd5 Qxc3 25.Rxc3 Ra1+ 26.Nf1 Nxd5 27.Bxd5 
exd5 28.Rc7 Ne5 29.Rxb7 Nf3+ 30.Kg2 Ne1+ 31.Kg1 Nf3+ 32.Kg2 Ne1+ 1/2-1/2

[Event "95th DEN-ch"]
[Site "Svendborg DEN"]
[Date "2016.03.21"]
[Round "3"]
[White "Mikkelsen, Nikolaj"]
[Black "Glud, Jakob Vang"]
[Result "1/2-1/2"]
[WhiteElo "2473"]
[BlackElo "2535"]
[EventDate "2016.03.19"]
[PlyCount "46"]

1.e4 e5 2.Nf3 Nc6 3.Bb5 a6 4.Bxc6 dxc6 5.O-O f6 6.d4 exd4 7.Nxd4 c5 8.Nb3 
Qxd1 9.Rxd1 Bg4 10.f3 Bd7 11.Bf4 O-O-O 12.Nc3 c4 13.Na5 Bc5+ 14.Kf1 b5 15.
a4 Ne7 16.axb5 Bxb5 17.Bd2 Rhe8 18.Nxb5 axb5 19.b3 cxb3 20.Nxb3 Bb6 21.
Rdc1 Nc6 22.c4 bxc4 23.Rxc4 Ne5 1/2-1/2

[Event "95th DEN-ch"]
[Site "Svendborg DEN"]
[Date "2016.03.21"]
[Round "3"]
[White "Schandorff, Lars"]
[Black "Ochsner, Bjoern Moeller"]
[Result "1/2-1/2"]
[WhiteElo "2501"]
[BlackElo "2398"]
[EventDate "2016.03.19"]
[PlyCount "127"]

1.Nf3 Nf6 2.g3 g6 3.b3 Bg7 4.Bb2 O-O 5.Bg2 d6 6.d4 e5 7.dxe5 Ng4 8.Nc3 
Nxe5 9.Nxe5 Bxe5 10.Qd2 Nc6 11.O-O-O a5 12.f4 Bg7 13.Nd5 a4 14.Bxg7 Kxg7 
15.Qc3+ f6 16.b4 Be6 17.a3 Qd7 18.e4 Rac8 19.Rhe1 Qf7 20.Kb2 Kg8 21.Bf1 
Ne7 22.Bb5 c6 23.Nxe7+ Qxe7 24.Bxa4 c5 25.Bb3 c4 26.Ba4 Rfd8 27.Bb5 Kg7 
28.Re3 Qc7 29.Qd4 d5 30.e5 f5 31.h3 h5 32.c3 Ra8 33.Re2 Rh8 34.Ra1 b6 35.
h4 Ra7 36.Kc1 Rha8 37.Rea2 Kf7 38.a4 Kg7 39.Kd2 Kf7 40.Ke3 Kg7 41.Kf2 Kf7 
42.Kg1 Kg7 43.Kh2 Kh7 44.Ra3 Kg7 45.Kg1 Qb7 46.Rd1 Kh7 47.Ra2 Qc7 48.Kh2 
Kg7 49.Kh3 Kh7 50.Rdd2 Kg7 51.Kh2 Kf7 52.Ra1 Kg7 53.Qe3 Kh6 54.Rad1 Rd8 
55.Bxc4 d4 56.Rxd4 Rxd4 57.Rxd4 Bxc4 58.a5 Qc6 59.Rd6 Qa4 60.Rxg6+ Kxg6 
61.Qxb6+ Be6 62.Qxa7 Qc2+ 63.Kh3 Qe4 64.Qg1 1/2-1/2

[Event "95th DEN-ch"]
[Site "Svendborg DEN"]
[Date "2016.03.22"]
[Round "4"]
[White "Antonsen, Mikkel"]
[Black "Bekker-Jensen, Simon"]
[Result "1-0"]
[WhiteElo "2458"]
[BlackElo "2451"]
[EventDate "2016.03.19"]
[PlyCount "69"]

1.d4 Nf6 2.c4 e6 3.Nc3 Bb4 4.Qc2 b6 5.a3 Bxc3+ 6.Qxc3 Bb7 7.Bg5 h6 8.Bh4 
g5 9.Bg3 Ne4 10.Qc2 c5 11.d5 exd5 12.cxd5 Bxd5 13.Be5 O-O 14.f3 Nf6 15.Qc3
Ne8 16.h4 Nc6 17.Nh3 Qe7 18.Bg3 Nd4 19.hxg5 hxg5 20.e3 Nf5 21.Bf2 Neg7 22.
O-O-O Bc6 23.Bd3 d5 24.Qc2 Qe5 25.Nxg5 c4 26.Bxf5 Qxf5 27.Qxf5 Nxf5 28.g4 
Ne7 29.Be1 f6 30.Ne6 Rf7 31.Bc3 Ng6 32.Rh6 Nf8 33.Ng5 Rd7 34.Rxf6 Ba4 35.
Rh1 1-0

[Event "95th DEN-ch"]
[Site "Svendborg DEN"]
[Date "2016.03.22"]
[Round "4"]
[White "Glud, Jakob Vang"]
[Black "Hansen, Curt"]
[Result "1/2-1/2"]
[WhiteElo "2535"]
[BlackElo "2600"]
[EventDate "2016.03.19"]
[PlyCount "53"]

1.c4 Nf6 2.g3 c6 3.Nf3 d5 4.Bg2 g6 5.b3 Bg7 6.Bb2 O-O 7.O-O Bg4 8.d3 Nbd7 
9.Nbd2 Re8 10.Ne5 Nxe5 11.Bxe5 Qd7 12.d4 Rad8 13.Nf3 Bxf3 14.Bxf3 Ne4 15.
Bxg7 Kxg7 16.cxd5 cxd5 17.Qd3 Nf6 18.Rfc1 Rc8 19.Qd2 Qd6 20.Rc3 e6 21.Rac1
Rxc3 22.Qxc3 Qa6 23.Rc2 Rd8 24.Qc7 Rd7 25.Qc5 h5 26.e3 Qd3 27.h4 1/2-1/2

[Event "95th DEN-ch"]
[Site "Svendborg DEN"]
[Date "2016.03.22"]
[Round "4"]
[White "Hansen, Sune Berg"]
[Black "Schandorff, Lars"]
[Result "1/2-1/2"]
[WhiteElo "2578"]
[BlackElo "2501"]
[EventDate "2016.03.19"]
[PlyCount "28"]

1.e4 e5 2.Nf3 Nc6 3.Bc4 Nf6 4.d3 Be7 5.O-O O-O 6.Re1 d6 7.a4 Kh8 8.a5 a6 
9.h3 h6 10.c3 Nh7 11.d4 f5 12.d5 fxe4 13.Rxe4 Nb8 14.Re1 c6 1/2-1/2

[Event "95th DEN-ch"]
[Site "Svendborg DEN"]
[Date "2016.03.22"]
[Round "4"]
[White "Mikkelsen, Nikolaj"]
[Black "Andersen, Mads"]
[Result "0-1"]
[WhiteElo "2473"]
[BlackElo "2479"]
[EventDate "2016.03.19"]
[PlyCount "130"]

1.e4 e6 2.d4 d5 3.Nd2 c5 4.Ngf3 cxd4 5.Nxd4 Nf6 6.exd5 Qxd5 7.Nb5 Na6 8.
Nc3 Qd6 9.a3 Bd7 10.Nc4 Qxd1+ 11.Nxd1 Nc5 12.Ne5 Bd6 13.Nxd7 Kxd7 14.Be2 
Rac8 15.Ne3 Ke7 16.Nc4 Bb8 17.O-O Rhd8 18.Re1 Nce4 19.a4 a6 20.Bd3 Ba7 21.
Be3 Bxe3 22.Rxe3 Nc5 23.Bf1 Nd5 24.Ree1 Nb4 25.Rec1 Ne4 26.c3 Nd3 27.Bxd3 
Rxd3 28.Ne3 Rd2 29.Rc2 Rcd8 30.f3 Rxc2 31.Nxc2 Rd2 32.Ne3 Re2 33.fxe4 Rxe3
34.Ra3 Rxe4 35.Rb3 Rxa4 36.Rxb7+ Kf6 37.Kf2 a5 38.Ke3 h5 39.h3 g5 40.Kd3 
Rf4 41.c4 Rf2 42.c5 Ke5 43.Rd7 Rxb2 44.c6 Rb6 45.c7 Rc6 46.Rxf7 a4 47.h4 
gxh4 48.Rh7 Kf4 49.Rxh5 Kg4 50.Ra5 Rxc7 51.Rxa4+ Kg3 52.Re4 Rg7 53.Re2 Rg4
54.Rxe6 Kxg2 55.Re2+ Kf1 56.Ra2 Rg2 57.Ra8 Kf2 58.Rh8 Rg3+ 59.Ke4 h3 60.
Kf4 Kg2 61.Rb8 h2 62.Rb2+ Kh3 63.Rb1 Rg1 64.Rb3+ Kh4 65.Rb8 Rf1+ 0-1

[Event "95th DEN-ch"]
[Site "Svendborg DEN"]
[Date "2016.03.22"]
[Round "4"]
[White "Ochsner, Bjoern Moeller"]
[Black "Bromann, Thorbjoern"]
[Result "1-0"]
[WhiteElo "2398"]
[BlackElo "2452"]
[EventDate "2016.03.19"]
[PlyCount "57"]

1.e4 e6 2.d4 d5 3.Nc3 Bb4 4.e5 b6 5.a3 Bf8 6.Nf3 Ne7 7.Bd3 Ba6 8.Nb5 Nc8 
9.c4 c6 10.Nc3 dxc4 11.Be2 Ne7 12.Ne4 Nd5 13.Bg5 Qc8 14.O-O Nd7 15.Qc2 b5 
16.b3 cxb3 17.Qxb3 h6 18.Bd2 N7b6 19.Rfc1 Qd7 20.Ne1 Nc4 21.Bb4 Be7 22.Nd3
Nxb4 23.Nxb4 Na5 24.Qc3 Bb7 25.Nd3 Qc7 26.Nd6+ Bxd6 27.exd6 Qd8 28.Nc5 Bc8
29.d5 1-0

[Event "95th DEN-ch"]
[Site "Svendborg DEN"]
[Date "2016.03.23"]
[Round "5"]
[White "Andersen, Mads"]
[Black "Glud, Jakob Vang"]
[Result "1-0"]
[WhiteElo "2479"]
[BlackElo "2535"]
[EventDate "2016.03.19"]
[PlyCount "109"]

1.Nf3 d5 2.g3 Nf6 3.Bg2 e6 4.O-O Be7 5.c4 O-O 6.d4 dxc4 7.Qc2 b6 8.Qxc4 
Bb7 9.Nc3 c5 10.Rd1 Qc8 11.Bf4 Nbd7 12.Nb5 Bd5 13.Qc2 Be4 14.Qc1 cxd4 15.
Bd6 Qxc1 16.Raxc1 Bxd6 17.Nxd6 Bxf3 18.Bxf3 Rad8 19.Rxd4 Ne5 20.Bg2 Rd7 
21.e3 h5 22.Nb5 Rfd8 23.b3 Nd3 24.Rc3 e5 25.Rxd7 Rxd7 26.Rc8+ Kh7 27.Bc6 
Re7 28.a3 g6 29.Rd8 e4 30.Nd6 Nc5 31.b4 Ne6 32.Rb8 Ng5 33.Rb7 Nf3+ 34.Kg2 
Ne1+ 35.Kf1 Rxb7 36.Bxb7 Nc2 37.Nxf7 Nxa3 38.Ng5+ Kg7 39.Nxe4 Ng4 40.h3 
Ne5 41.Ke2 a5 42.bxa5 bxa5 43.Nc5 Nac4 44.f4 Nf7 45.Bc6 Nb6 46.Kd3 Kh6 47.
Kd4 g5 48.h4 gxh4 49.gxh4 Nd6 50.e4 Kg6 51.Nd7 Nbc8 52.Kd5 Kf7 53.Ba4 Ke7 
54.f5 Kf7 55.f6 1-0

[Event "95th DEN-ch"]
[Site "Svendborg DEN"]
[Date "2016.03.23"]
[Round "5"]
[White "Bekker-Jensen, Simon"]
[Black "Mikkelsen, Nikolaj"]
[Result "1/2-1/2"]
[WhiteElo "2451"]
[BlackElo "2473"]
[EventDate "2016.03.19"]
[PlyCount "84"]

1.d4 Nf6 2.c4 g6 3.Nc3 Bg7 4.e4 d6 5.Be2 O-O 6.Bg5 c5 7.d5 h6 8.Bf4 b5 9.
cxb5 a6 10.a4 Qa5 11.Bd2 axb5 12.Bxb5 Ba6 13.Nge2 Ne8 14.O-O Nc7 15.Qc2 
Qb6 16.Rab1 Nxb5 17.axb5 Bxb5 18.Qb3 Ra5 19.Ra1 Bxc3 20.bxc3 Qa6 21.Rxa5 
Qxa5 22.Bxh6 Bxe2 23.Bxf8 Nd7 24.Bxe7 Bxf1 25.Kxf1 Qa6+ 26.Ke1 Qd3 27.f3 
Qe3+ 28.Kf1 Qd3+ 29.Kf2 Qd2+ 30.Kg3 g5 31.Qb1 Ne5 32.Bxd6 Qf4+ 33.Kf2 Ng4+
34.Kf1 Nxh2+ 35.Kg1 Qxd6 36.Qe1 Qe5 37.d6 Kf8 38.d7 Ke7 39.Qd2 Kd8 40.Qd5 
Qg3 41.Qxf7 Qe1+ 42.Kxh2 Qh4+ 1/2-1/2

[Event "95th DEN-ch"]
[Site "Svendborg DEN"]
[Date "2016.03.23"]
[Round "5"]
[White "Bromann, Thorbjoern"]
[Black "Hansen, Sune Berg"]
[Result "0-1"]
[WhiteElo "2452"]
[BlackElo "2578"]
[EventDate "2016.03.19"]
[PlyCount "68"]

1.d4 d5 2.Nc3 Nf6 3.Bf4 e6 4.Nb5 Na6 5.e3 c6 6.Nc3 Qa5 7.a3 Be7 8.Bd3 c5 
9.Bb5+ Bd7 10.Bxd7+ Nxd7 11.dxc5 Bf6 12.Ne2 Qxc5 13.O-O O-O 14.e4 Bxc3 15.
Nxc3 d4 16.Ne2 e5 17.Bg5 f6 18.Bc1 Rad8 19.c3 Nb6 20.cxd4 exd4 21.Nf4 Rfe8
22.Nd3 Qc6 23.f3 Nc5 24.b3 Nbd7 25.Nb4 Qb5 26.Nd5 Rc8 27.Qxd4 Nxb3 28.Qb2 
Ndc5 29.Rb1 Rcd8 30.Bf4 Rxd5 31.exd5 Qc4 32.Bd2 Re2 33.Rfd1 Qxd5 34.Qc2 
Nxd2 0-1

[Event "95th DEN-ch"]
[Site "Svendborg DEN"]
[Date "2016.03.23"]
[Round "5"]
[White "Hansen, Curt"]
[Black "Ochsner, Bjoern Moeller"]
[Result "1-0"]
[WhiteElo "2600"]
[BlackElo "2398"]
[EventDate "2016.03.19"]
[PlyCount "119"]

1.c4 Nf6 2.Nc3 g6 3.Nf3 Bg7 4.g3 O-O 5.Bg2 d6 6.d4 Nc6 7.O-O a6 8.e3 Rb8 
9.Qe2 b5 10.Rd1 Na5 11.cxb5 axb5 12.b4 Nc4 13.Nxb5 d5 14.Na7 Bd7 15.Ne5 
Ba4 16.Nxc4 Rxb4 17.Ne5 Qa8 18.Ba3 Bxd1 19.Qxd1 Rb7 20.Nec6 Rxa7 21.Nxa7 
Qxa7 22.Bxe7 Rb8 23.Qc2 Qb6 24.Rc1 Bf8 25.Bxf6 Qxf6 26.Qxc7 Rb2 27.Rc2 
Rb1+ 28.Rc1 Rb2 29.Rf1 Rxa2 30.Bxd5 Re2 31.Qc3 Qf5 32.e4 Qf6 33.Qd3 Rb2 
34.e5 Qe7 35.Re1 Qb4 36.Rd1 Bh6 37.Qf3 Qe7 38.Ra1 Rb8 39.Kg2 Bg7 40.Qe4 
Kh8 41.Bc4 f6 42.Ra8 Rxa8 43.Qxa8+ Bf8 44.Qd5 Kg7 45.f4 fxe5 46.fxe5 Qb4 
47.Qf7+ Kh6 48.Qf4+ Kg7 49.d5 Bc5 50.d6 Qb2+ 51.Kh3 Bg1 52.Qf6+ Kh6 53.
Qh4+ Kg7 54.Qf6+ Kh6 55.Qf8+ Kh5 56.g4+ Kg5 57.Qf6+ Kh6 58.Qf4+ Kg7 59.g5 
Bxh2 60.Qf6# 1-0

[Event "95th DEN-ch"]
[Site "Svendborg DEN"]
[Date "2016.03.23"]
[Round "5"]
[White "Schandorff, Lars"]
[Black "Antonsen, Mikkel"]
[Result "1/2-1/2"]
[WhiteElo "2501"]
[BlackElo "2458"]
[EventDate "2016.03.19"]
[PlyCount "122"]

1.Nf3 Nf6 2.g3 g6 3.Bg2 Bg7 4.O-O O-O 5.d4 d5 6.c3 c6 7.Bf4 Bf5 8.Nbd2 h6 
9.Qb3 Qb6 10.Nh4 Be6 11.Bxb8 Raxb8 12.f4 Ng4 13.Qxb6 axb6 14.Bh3 Bc8 15.f5
Ne3 16.Rf3 Nxf5 17.Bxf5 gxf5 18.Nxf5 Bxf5 19.Rxf5 e6 20.Rff1 c5 21.e3 Rbc8
22.Nf3 Rc7 23.Rad1 Ra8 24.a3 Ra4 25.Rd2 h5 26.Kf2 Bh6 27.Re2 Bg7 28.Ke1 
Kf8 29.Ref2 f5 30.Ng5 Ke7 31.Nh3 b5 32.dxc5 Rxc5 33.Nf4 Bh6 34.Rf3 Re4 35.
Kd2 Rc8 36.Kd3 Bg5 37.R1f2 h4 38.gxh4 Bxf4 39.exf4 Rh8 40.Rh3 Rh5 41.Rf1 
Kf6 42.Rhf3 Rxh4 43.h3 Rh6 44.Rg1 Rh4 45.Rgf1 Rh6 46.Rg1 Rg6 47.Rxg6+ Kxg6
48.Rf1 Kf6 49.Rf2 e5 50.fxe5+ Kxe5 51.Rf3 f4 52.Kd2 Kf5 53.Rd3 Re5 54.Kd1 
Kg5 55.Kd2 Kh4 56.Rf3 Re4 57.Rd3 Re5 58.Rf3 Kg5 59.Rd3 Kf6 60.Rf3 Re4 61.
Rd3 Ke5 1/2-1/2

[Event "95th DEN-ch"]
[Site "Svendborg DEN"]
[Date "2016.03.24"]
[Round "6"]
[White "Andersen, Mads"]
[Black "Bekker-Jensen, Simon"]
[Result "1-0"]
[WhiteElo "2479"]
[BlackElo "2451"]
[EventDate "2016.03.19"]
[PlyCount "91"]

1.Nf3 d5 2.g3 Nf6 3.Bg2 e6 4.O-O Be7 5.c4 O-O 6.d4 dxc4 7.Ne5 Nc6 8.Nxc6 
bxc6 9.Na3 Bxa3 10.bxa3 Nd5 11.Qa4 Nc3 12.Qc2 Nb5 13.e3 Nd6 14.a4 Qg5 15.
Qc3 Qf5 16.Ba3 Qd3 17.Qxd3 cxd3 18.Rfc1 Bd7 19.Bxc6 d2 20.Rc2 Bxc6 21.Rxc6
Rfc8 22.Rd1 g5 23.g4 Rab8 24.Rxd2 Ne8 25.Rdc2 Rb7 26.h3 h6 27.Kg2 Rcb8 28.
a5 Rb5 29.Ra6 R5b7 30.Bc5 Ra8 31.Rc3 Nd6 32.Rb3 Rxb3 33.axb3 Nb5 34.Kf3 
Rb8 35.Ke2 Kg7 36.Kd3 h5 37.Kc4 hxg4 38.hxg4 Rb7 39.Rc6 Rb8 40.f3 Kf6 41.
e4 Rb7 42.e5+ Kg7 43.a6 Rb8 44.Be7 Kh6 45.d5 Kg6 46.Bc5 1-0

[Event "95th DEN-ch"]
[Site "Svendborg DEN"]
[Date "2016.03.24"]
[Round "6"]
[White "Antonsen, Mikkel"]
[Black "Bromann, Thorbjoern"]
[Result "1-0"]
[WhiteElo "2458"]
[BlackElo "2452"]
[EventDate "2016.03.19"]
[PlyCount "103"]

1.d4 e6 2.c4 Bb4+ 3.Bd2 c5 4.Bxb4 cxb4 5.g3 Nf6 6.Bg2 O-O 7.Nf3 d6 8.O-O 
a5 9.a3 Na6 10.axb4 Nxb4 11.Nc3 b6 12.Ne1 d5 13.Nc2 Ba6 14.cxd5 Nfxd5 15.
Nxb4 axb4 16.Nxd5 exd5 17.Qd2 Re8 18.Rfe1 Qd6 19.Ra4 Bc4 20.Rxa8 Rxa8 21.
e4 b3 22.e5 Qg6 23.Rc1 b5 24.h4 h6 25.Kh2 Ra2 26.Bh3 Qe4 27.h5 Kh7 28.Kg1 
Kg8 29.Kh2 Kh7 30.Kg1 Kg8 31.Kh2 Qf3 32.Re1 Qxh5 33.e6 fxe6 34.Qf4 Ra6 35.
Kg2 Qf7 36.Qe5 Bd3 37.Bxe6 Rxe6 38.Qxe6 Be4+ 39.Rxe4 dxe4 40.Qxe4 Qc4 41.
Qe8+ Kh7 42.Qe5 Kg8 43.d5 Kf7 44.d6 Qc6+ 45.Kh2 Qd7 46.Qd5+ Kf6 47.f4 g6 
48.Kg2 h5 49.Kf3 Qg4+ 50.Kf2 Qd7 51.Ke3 Qd8 52.Qg5+ 1-0